00663nam a2200145Ia 4500008004100000245024400041260003600285260000900321300000600330650002600336650001200362856005100374999001900425952007300444170516s9999 xx 000 0 und d aNovel Pattern of Iron Deposition in the Fascicula Nigrale in Patients with Parkinson’s Disease: A Pilot Study, Miriam E. Peckham, Khashayar Dashtipour, Barbara A. Holshouser, Camellia Kani, Alex Boscanin, Kayvan Kani, and Sheri L. Harder bRadiology Research and Practice c2017 a: xRadiologic Technology xRadtech uhttps://www.hindawi.com/journals/rrp/contents/ c332676d332676 001040aCLbCLd2017-05-16l0r2017-05-16 00:00:00w2017-05-16yFOJ